Fabvlae

Guardat en:
Dades bibliogràfiques
Autor principal: Eurípides (Autor)
Format: Llibre
Idioma:grec
llatí
Publicat: Londres Oxford University Press 1913
Edició:2a. ed
Matèries:
Etiquetes: Afegir etiqueta
Sense etiquetes, Sigues el primer a etiquetar aquest registre!

MARC

LEADER 00000nam a2200000 a 4500
001 UCQ1485
003 CL-VaPUC
008 980710e19130000UK |||||||||||||||||gre|d
041 0 7 |a gre  |2 CL-VaPUC 
041 0 7 |a lat  |2 CL-VaPUC 
082 0 4 |a 882  |b EUR  |2 21 
100 0 |a Eurípides  |e author  |9 269419 
245 1 0 |a Fabvlae 
250 |a 2a. ed 
300 |a v 
942 |c BK 
945 |d 19980710 00:00:00  |a mvenant 
260 |a Londres  |b Oxford University Press  |c 1913 
500 |a v.1: Cyclops, Alcestis, Medea, Heraclidae, Hippolytus, Andromacha, Hecuba 
500 |a v.3: Helena, Phoenissae, Orestes, Bacchae, Iphigenia, Avlidensis, Rhesus 
650 7 |a DRAMAS GRIEGOS  |2 CL-VaPUC  |9 415230 
650 0 |a Tragedia griega  |9 265362 
583 |a last modification  |c 19980710 00:00:00  |k Rodrigo Vera 
999 |c 272427  |d 272425 
952 |0 0  |1 0  |4 0  |6 882_000000000000000_EUR_1913  |7 0  |8 A  |9 307418  |a BIBART  |b BIBART  |d 2019-11-20  |h v.3  |i 3443353  |o 882 EUR 1913  |p 3443353  |r 2025-03-13  |w 2019-11-20  |y BK  |k ART